台湾省地图点选 Taiwan Click Map - Statistics

General Stats
  • This quiz has been taken 40 times
  • The average score is 14 of 20
Answers on the Map
Answers color-coded by a green-red scale on the quiz's map according to % correct below.
 
Answer Stats
Answer % Correct
台南市
91%
基隆市
86%
新北市
86%
嘉义市
82%
嘉义县
82%
台北市
77%
新竹市
73%
台东县
68%
高雄市
68%
澎湖县
68%
桃园市
68%
苗栗县
64%
宜兰县
64%
屏东县
59%
花莲县
59%
台中市
59%
南投县
59%
彰化县
55%
新竹县
55%
云林县
41%
No matching quizzes found
Score Distribution
Percent of People with Each Score
Percentile by Number Answered
Your Score History
You have not taken this quiz